000
00331nam a2200133Ia 4500
008
220204s9999 xx 000 0 und d
082
_a
575:576.8.097
_b
MAR
100
_a
MARCHALONIS, John J
245
0
_a
Immunity in evolution
260
_a
London
_b
Edward Arnold
_c
1977
650
_a
Immunity
650
_a
Phylogeny
942
_c
BK
999
_c
28742
_d
28742